000 00290nam a2200121Ia 4500
008 210210b xxu||||| |||| 00| 0 eng d
082 _a536/41
100 _aFRISCH (David H)
245 _aElementary particles
260 _a
_bNot Mentioned
_c
700 _aTHORNDIKE (Alan M)
906 _a008839
999 _c126680
_d126680